|
|
|
|
| LEADER |
01066nam a2200277 a 4500 |
| 001 |
16607980 |
| 008 |
120523s2012 enka b 001 0 eng |
| 010 |
|
|
|a 2011920557
|
| 020 |
|
|
|a 9780857028877
|
| 020 |
|
|
|a 9780857028884 (pbk.)
|
| 040 |
|
|
|a DLC
|c DLC
|d DLC
|d BD-DhAAL
|
| 042 |
|
|
|a pcc
|
| 050 |
0 |
0 |
|a P93.5
|b .R67 2012
|
| 082 |
0 |
0 |
|a 302.23
|2 22
|
| 100 |
1 |
|
|a Rose, Gillian,
|d 1962-
|
| 245 |
1 |
0 |
|a Visual methodologies :
|b an introduction to researching with visual materials /
|c Gillian Rose.
|
| 250 |
|
|
|a 3rd ed.
|
| 260 |
|
|
|a London ;
|a Thousand Oaks, Calif. :
|b SAGE,
|c 2012.
|
| 300 |
|
|
|a xx, 386 p. :
|b ill. (some col.) ;
|c 25 cm.
|
| 504 |
|
|
|a Includes bibliographical references (p. [354]-375) and index.
|
| 541 |
|
|
|e 00025260
|
| 650 |
|
0 |
|a Visual communication.
|
| 650 |
|
0 |
|a Visual literacy.
|
| 852 |
1 |
|
|a Ayesha Abed Library
|c General shelf.
|
| 999 |
|
|
|c 12220
|d 12220
|
| 952 |
|
|
|0 0
|1 0
|2 ddc
|4 0
|6 302_230000000000000_ROS
|7 0
|9 20295
|a BRACUL
|b BRACUL
|c GEN
|d 2012-05-24
|e karim International
|g 2864.00
|l 2
|m 11
|o 302.23 ROS
|p 3010025260
|r 2025-09-07
|s 2025-08-07
|t 1
|w 2012-05-24
|y BK
|